LEADER 01472nam2-2200409---450- 001 990003161630203316 005 20081017100033.0 010 $a978-3-540-79573-5 035 $a000316163 035 $aUSA01000316163 035 $a(ALEPH)000316163USA01 035 $a000316163 100 $a20081017d2008----km-y0itay50------ba 101 $aeng 102 $aDE 105 $ay---||||001yy 200 1 $aQuantum transport$emodelling analysis and asymptotics$electures given at the C.I.M.E. Summer School held in Cetraro, Italy, September 11-16, 2006$fGrégoire Allaire ... [et al.]$geditors: Naoufel Ben Abdallah, Giovanni Frosali 210 $aBerlin [etc.]$cSpringer$dcopyr. 2008 215 $aXIV, 251 p.$d24 cm 225 2 $aLecture notes in mathematics$v1946 410 0$12001$aLecture notes in mathematics 461 1$1001000315290$12001$aLecture notes in mathematics 606 0 $aElettrodinamica quantistica$xCongressi$yCetraro$z2006 606 0 $aTeoria quantistica$xCongressi$yCetraro$z2006 676 $a537.67 701 1$aALLAIRE,$bGrégoire$0352319 702 1$aBEN ABDALLAH,$bNaoufel 702 1$aFROSALI,$bGiovanni 710 12$a$0602509 801 0$aIT$bsalbc$gISBD 912 $a990003161630203316 951 $a510 LNM 1946$b37460/CBS$c510$d00217791 959 $aBK 969 $aSCI 979 $aCBAS$b10$c20081017$lUSA01$h1000 996 $aQuantum transport$91017708 997 $aUNISA LEADER 00852nam0-22002651i-450 001 990005383160403321 005 20221215103945.0 035 $a000538316 035 $aFED01000538316 100 $a19990530d1958----km-y0itay50------ba 101 0 $afre 105 $af 001yy 200 1 $aMaisons de Volubilis$ele palais dit de Gordien et la maison a la mosaique de Vénus$fpar Raymond Thouvenot 210 $aRabat$cService des Antiquitès du Maroc$d1958 215 $a86 p., 26 tav. di cui 1 rip.$d29 cm 225 1 $aPublications du Service des antiquitès du Maroc$v12 676 $a939.71 700 1$aThouvenot,$bRaymond$0209015 801 0$aIT$bUNINA$gRICA$2UNIMARC 901 $aBK 912 $a990005383160403321 952 $a939.7 THO 01$bARCH. 15792$fFLFBC 959 $aFLFBC 996 $aMaisons de Volubilis$9596611 997 $aUNINA